[Event "AUT-ch U18 Girls"]
[Site "St Veit"]
[Date "2018.03.25"]
[Round "1"]
[White "Pribozic, Sabrina"]
[Black "Halwachs, Juliane"]
[Result "0-1"]
[WhiteElo "1498"]
[BlackElo "1544"]
[PlyCount "32"]
[EventDate "2018.03.25"]
[EventType "swiss"]
[EventRounds "7"]
[EventCountry "AUT"]
[SourceTitle "EXT 2019"]
[Source "ChessBase"]
[SourceDate "2018.10.10"]
[SourceVersion "1"]
[SourceVersionDate "2018.10.10"]
[SourceQuality "1"]

1. d4 d5 2. Nf3 Nf6 3. e3 e6 4. Bd3 Nc6 5. a3 Bd6 6. 0-0 0-0 7. b3 Ne7 8. Bb2 c6 9. Ne5 Qc7 10. f4 Ne4 11. Nd2 f5 12. Rc1 b5 13. Rf3 c5 14. Bxb5 Qa5 15. b4 Qxb5 16. dxc5 Bxc5 0-1

[Event "AUT-ch U16/U18 Girls"]
[Site "St Veit"]
[Date "2017.04.13"]
[Round "7"]
[White "Zhbanova, Angelina"]
[Black "Halwachs, Juliane"]
[Result "0-1"]
[WhiteElo "1588"]
[BlackElo "1497"]
[PlyCount "96"]
[EventDate "2017.04.09"]
[EventType "swiss"]
[EventRounds "7"]
[EventCountry "AUT"]
[SourceTitle "CBM 178 Extra"]
[Source "ChessBase"]
[SourceDate "2017.06.22"]
[SourceVersion "1"]
[SourceVersionDate "2017.06.22"]
[SourceQuality "1"]

1. e4 e5 2. Nf3 Nc6 3. Bc4 Bc5 4. c3 Nf6 5. d3 0-0 6. Bb3 d5 7. exd5 Nxd5 8. 0-0 Bg4 9. h3 Bh5 10. Qe2 Re8 11. Qe4 Nf6 12. Qc4 Bb6 13. Nbd2 Na5 14. Qh4 Qxd3 15. Ba4 Re7 16. Qb4 c5 17. Qa3 Bxf3 18. Nxf3 Qf5 19. b4 cxb4 20. cxb4 Nc4 21. Qb3 Rc8 22. Qd1 e4 23. Nd4 Qe5 24. Be3 Rd8 25. Rc1 Nb2 26. Qc2 Nd3 27. Rcd1 Bxd4 28. Bxd4 Qxd4 29. Rfe1 Qxb4 30. Re2 b5 31. Bb3 h6 32. f3 Red7 33. Rb1 Qc5+ 34. Qxc5 Nxc5 35. fxe4 Nfxe4 36. Bc2 Nc3 37. Rbe1 Nxe2+ 38. Rxe2 Rd2 39. Rxd2 Rxd2 40. Bb3 Nxb3 41. axb3 Rb2 42. Kh2 Rxb3 43. h4 a5 44. g3 a4 45. Kh3 a3 46. h5 a2 47. Kh4 a1Q 48. g4 Qh1# 0-1

[Event "AUT-ch U16/U18 Girls"]
[Site "St Veit"]
[Date "2017.04.11"]
[Round "5"]
[White "Lauda, Victoria"]
[Black "Halwachs, Juliane"]
[Result "1-0"]
[WhiteElo "1149"]
[BlackElo "1497"]
[PlyCount "95"]
[EventDate "2017.04.09"]
[EventType "swiss"]
[EventRounds "7"]
[EventCountry "AUT"]
[SourceTitle "CBM 178 Extra"]
[Source "ChessBase"]
[SourceDate "2017.06.22"]
[SourceVersion "1"]
[SourceVersionDate "2017.06.22"]
[SourceQuality "1"]

1. e4 e5 2. Nf3 Nc6 3. Nc3 Bb4 4. d4 exd4 5. Nxd4 Bc5 6. Be3 Qf6 7. Ncb5 Bb6 8. Nf5 Nce7 9. Bxb6 Qxb6 10. Nxg7+ Kd8 11. b3 Qg6 12. Nf5 Nxf5 13. exf5 Qxf5 14. Nd4 Qe5+ 15. Be2 d6 16. 0-0 Nf6 17. Re1 Qg5 18. Nf3 Qh6 19. Qd4 Rg8 20. Qh4 Qg7 21. Qg3 Qf8 22. Qh4 Qg7 23. Qg3 Qh8 24. Qh4 Be6 25. Ng5 Kd7 26. Nxe6 fxe6 27. Bc4 d5 28. Bd3 Qg7 29. Qg3 Qf7 30. Qf3 Raf8 31. h3 Qe8 32. c4 Ne4 33. Qe3 Rxg2+ 34. Kxg2 Qg6+ 35. Kh1 Nxf2+ 36. Qxf2 Qxd3 37. Qxf8 Qxh3+ 38. Kg1 Qg3+ 39. Kf1 Qh3+ 40. Ke2 Qg2+ 41. Qf2 Qe4+ 42. Kd2 Qg4 43. Qf7+ Kd8 44. Qxe6 Qd4+ 45. Kc2 Qf2+ 46. Qe2 Qf5+ 47. Qd3 Qf2+ 48. Re2 1-0

[Event "AUT-ch U16/18 Girls"]
[Site "St Veit"]
[Date "2016.03.20"]
[Round "2"]
[White "Halwachs, Juliane"]
[Black "Pilsan, Martha"]
[Result "0-1"]
[WhiteElo "1561"]
[BlackElo "1644"]
[PlyCount "62"]
[EventDate "2016.03.20"]
[EventType "swiss"]
[EventRounds "7"]
[EventCountry "AUT"]
[SourceTitle "CBM 171 Extra"]
[Source "ChessBase"]
[SourceDate "2016.04.26"]
[SourceVersion "1"]
[SourceVersionDate "2016.04.26"]
[SourceQuality "1"]

1. d4 Nf6 2. Nf3 g6 3. Bf4 Bg7 4. c4 d6 5. Nc3 0-0 6. e3 Nbd7 7. Bd3 c6 8. a3 a6 9. b4 c5 10. d5 Nh5 11. Bg3 Bxc3+ 12. Nd2 Bxa1 13. Qxa1 Nxg3 14. hxg3 Ne5 15. Bc2 e6 16. Ne4 f5 17. f4 fxe4 18. Bxe4 exd5 19. Bxd5+ Nf7 20. Qc3 Qe7 21. e4 Be6 22. Qf3 Bxd5 23. cxd5 Rae8 24. 0-0 Qxe4 25. Qg4 Qxd5 26. Rd1 Qe6 27. Qh4 Qe3+ 28. Kh2 Qf2 29. f5 Qxf5 30. g4 Qf4+ 31. Kh1 Qh6 0-1

[Event "AUT-ch U16/18 Girls"]
[Site "St Veit"]
[Date "2016.03.20"]
[Round "1"]
[White "Polterauer, Chiara"]
[Black "Halwachs, Juliane"]
[Result "1-0"]
[WhiteElo "1944"]
[BlackElo "1561"]
[PlyCount "51"]
[EventDate "2016.03.20"]
[EventType "swiss"]
[EventRounds "7"]
[EventCountry "AUT"]
[SourceTitle "CBM 171 Extra"]
[Source "ChessBase"]
[SourceDate "2016.04.26"]
[SourceVersion "1"]
[SourceVersionDate "2016.04.26"]
[SourceQuality "1"]

1. e4 e5 2. Nf3 Nc6 3. Bc4 Bc5 4. c3 Nf6 5. d3 d6 6. Bb3 0-0 7. Nbd2 Be6 8. h3 a6 9. Nf1 b5 10. Ng3 h6 11. 0-0 Qd7 12. Nh2 b4 13. Ba4 Rab8 14. d4 Bc4 15. Re1 bxc3 16. bxc3 exd4 17. cxd4 Bb4 18. Re3 Bb5 19. Bb3 Ne7 20. Rf3 c5 21. Bxh6 gxh6 22. Rxf6 c4 23. Bc2 Rfc8 24. Qh5 Bc3 25. Qxf7+ Kh8 26. Rxh6# 1-0

[Event "AUT-ch U16/U18 Girls"]
[Site "St Veit"]
[Date "2015.03.30"]
[Round "3.8"]
[White "Konecny, Sophie"]
[Black "Halwachs, Juliane"]
[Result "1-0"]
[WhiteElo "1518"]
[BlackElo "1399"]
[PlyCount "53"]
[EventDate "2015.03.29"]
[EventType "swiss"]
[EventRounds "7"]
[EventCountry "AUT"]
[SourceTitle "EXT 2024"]
[Source "ChessBase"]
[SourceDate "2023.10.10"]
[SourceVersion "1"]
[SourceVersionDate "2023.10.10"]
[SourceQuality "1"]

1. e4 e5 2. Nf3 Nc6 3. Bc4 Bc5 4. c3 Nf6 5. d3 h6 6. 0-0 d6 7. Bb3 Bg4 8. Re1 0-0 9. h3 Bh5 10. Nbd2 Nh7 11. Nf1 Qf6 12. Ng3 Bg6 13. h4 h5 14. Rf1 a6 15. Ng5 Qe7 16. Nxh5 Nf6 17. Nxf6+ Qxf6 18. h5 Bh7 19. Qg4 Qe7 20. Nf3 Kh8 21. Nh4 Na5 22. Bg5 f6 23. Ng6+ Bxg6 24. hxg6 Rf7 25. Qh5+ Kg8 26. Qh7+ Kf8 27. Qh8# 1-0

[Event "AUT-ch U16/U18 Girls"]
[Site "St Veit"]
[Date "2015.03.29"]
[Round "2.8"]
[White "Halwachs, Juliane"]
[Black "Tscharnuter, Alexandra"]
[Result "1/2-1/2"]
[WhiteElo "1399"]
[BlackElo "1535"]
[PlyCount "95"]
[EventDate "2015.03.29"]
[EventType "swiss"]
[EventRounds "7"]
[EventCountry "AUT"]
[SourceTitle "EXT 2024"]
[Source "ChessBase"]
[SourceDate "2023.10.10"]
[SourceVersion "1"]
[SourceVersionDate "2023.10.10"]
[SourceQuality "1"]

1. d4 d6 2. Nf3 Nd7 3. Bf4 g6 4. e3 Bg7 5. h3 Ngf6 6. Be2 0-0 7. 0-0 Nd5 8. Bh2 N7f6 9. c4 Nb6 10. Nc3 Bf5 11. Qb3 Qc8 12. c5 dxc5 13. dxc5 Be6 14. Qc2 Nbd5 15. Nxd5 Bxd5 16. Rfd1 c6 17. Nd4 Re8 18. Bf3 e5 19. Bxd5 Nxd5 20. Ne2 Qe6 21. a3 Rad8 22. Rab1 Rd7 23. b4 Red8 24. e4 Nc7 25. Rxd7 Qxd7 26. Bg3 Qd2 27. Qxd2 Rxd2 28. Nc3 Rd3 29. Rc1 f6 30. a4 a6 31. f3 Kf8 32. Kf1 Ke7 33. Ke2 Rd4 34. Na2 Ne6 35. Bf2 Nf4+ 36. Kf1 Rd2 37. Ra1 Bh6 38. Nc1 Rd1+ 39. Be1 Nd3 40. Nb3 Rxa1 41. Nxa1 Ke6 42. Nb3 Kd7 43. Bc3 Bg7 44. g3 Bh6 45. h4 Nc1 46. Nxc1 Bxc1 47. Ke2 Bh6 48. Kd3 1/2-1/2

[Event "AUT-ch U14 Girls"]
[Site "Linz"]
[Date "2013.05.20"]
[Round "5"]
[White "Azad, Mitra"]
[Black "Halwachs, Juliane"]
[Result "1-0"]
[WhiteElo "1325"]
[BlackElo "1315"]
[PlyCount "87"]
[EventDate "2013.05.18"]
[EventType "swiss"]
[EventRounds "7"]
[EventCountry "AUT"]
[SourceTitle "EXT 2015"]
[Source "ChessBase"]
[SourceDate "2014.11.20"]
[SourceVersion "1"]
[SourceVersionDate "2014.11.20"]
[SourceQuality "1"]

1. e4 e5 2. Nf3 Nc6 3. c3 Nf6 4. d4 exd4 5. e5 Ng8 6. cxd4 Bb4+ 7. Nc3 d6 8. Bf4 Bg4 9. Be2 Nge7 10. 0-0 0-0 11. Ng5 Bxe2 12. Qxe2 Ng6 13. Qe4 h6 14. Nf3 Re8 15. a3 Bxc3 16. bxc3 d5 17. Qe3 Re6 18. Rab1 Rb8 19. h3 Nh4 20. a4 Nxf3+ 21. Qxf3 Rg6 22. Bg3 Na5 23. Rfe1 Nc4 24. Re2 Qe7 25. Qxd5 Nb6 26. Qf3 c6 27. e6 Rf8 28. exf7+ Qxf7 29. Qxf7+ Kxf7 30. a5 Nd5 31. Rxb7+ Kg8 32. c4 Nf6 33. Rxa7 Rd8 34. Be5 Nd7 35. a6 Nf8 36. Re7 Ne6 37. a7 Nf8 38. Rb7 Nd7 39. Rxd7 Rf8 40. Rb7 Re6 41. Rb8 Ree8 42. a8R Rxb8 43. Rxb8 Rxb8 44. Bxb8 1-0

[Event "AUT-ch U14 Girls"]
[Site "Linz"]
[Date "2013.05.20"]
[Round "6"]
[White "Halwachs, Juliane"]
[Black "Mundstein, Alina"]
[Result "0-1"]
[WhiteElo "1315"]
[BlackElo "1270"]
[PlyCount "86"]
[EventDate "2013.05.18"]
[EventType "swiss"]
[EventRounds "7"]
[EventCountry "AUT"]
[SourceTitle "EXT 2015"]
[Source "ChessBase"]
[SourceDate "2014.11.20"]
[SourceVersion "1"]
[SourceVersionDate "2014.11.20"]
[SourceQuality "1"]

1. d4 d5 2. c4 c6 3. Nf3 Nf6 4. Bg5 Nbd7 5. e3 e6 6. Nc3 Bd6 7. Bd3 Qe7 8. 0-0 0-0 9. Re1 Re8 10. a3 dxc4 11. Bxc4 b5 12. Bb3 a5 13. Bc2 Bb7 14. Qd3 a4 15. e4 e5 16. dxe5 Nxe5 17. Nxe5 Bxe5 18. Re3 Bxh2+ 19. Kh1 Be5 20. f4 Rad8 21. Qe2 Bd4 22. Rh3 h6 23. Bh4 Qd6 24. e5 Bxc3 25. bxc3 g5 26. Qf1 Qd2 27. Bf5 gxh4 28. exf6 Qd6 29. Qf3 Qxf6 30. Qg4+ Kf8 31. Rc1 c5 32. Rxh4 b4 33. cxb4 cxb4 34. Rb1 bxa3 35. Rh3 a2 36. Rc1 a1Q 37. Rxa1 Qxa1+ 38. Kh2 Rd1 39. Rf3 Rh1+ 40. Kg3 Qe1+ 41. Rf2 Re3+ 42. Qf3 Bxf3 43. Bd7 Bh5# 0-1

[Event "AUT-ch U12 Girls"]
[Site "Tschagguns"]
[Date "2012.05.29"]
[Round "7"]
[White "Polterauer, Chiara"]
[Black "Halwachs, Juliane"]
[Result "1/2-1/2"]
[WhiteElo "1408"]
[BlackElo "1258"]
[PlyCount "40"]
[EventDate "2012.05.26"]
[EventType "swiss"]
[EventRounds "7"]
[EventCountry "AUT"]
[SourceTitle "CBM 148 Extra"]
[Source "ChessBase"]
[SourceDate "2012.06.22"]
[SourceVersion "1"]
[SourceVersionDate "2012.06.22"]
[SourceQuality "1"]

1. e4 e5 2. Bc4 Nc6 3. d3 Nf6 4. f4 exf4 5. Bxf4 d5 6. exd5 Nxd5 7. Bg3 Bc5 8. Qf3 Be6 9. Ne2 0-0 10. Bf2 Bxf2+ 11. Qxf2 Qg5 12. Nd2 Qf6 13. Qxf6 Nxf6 14. 0-0-0 Bg4 15. Rde1 Rad8 16. h3 Bd7 17. Ng3 Rfe8 18. Nde4 Nxe4 19. Nxe4 h6 20. Rhf1 Rf8 1/2-1/2

[Event "AUT-ch U12 Girls"]
[Site "Tschagguns"]
[Date "2012.05.28"]
[Round "6"]
[White "Halwachs, Juliane"]
[Black "Azad, Mitra"]
[Result "1/2-1/2"]
[WhiteElo "1258"]
[BlackElo "1279"]
[PlyCount "59"]
[EventDate "2012.05.26"]
[EventType "swiss"]
[EventRounds "7"]
[EventCountry "AUT"]
[SourceTitle "CBM 148 Extra"]
[Source "ChessBase"]
[SourceDate "2012.06.22"]
[SourceVersion "1"]
[SourceVersionDate "2012.06.22"]
[SourceQuality "1"]

1. d4 Nf6 2. c4 g6 3. Bf4 Bg7 4. Nf3 d6 5. e3 Bf5 6. Nc3 0-0 7. Be2 Nbd7 8. 0-0 b6 9. Rc1 c5 10. Re1 Ne4 11. Bd3 Nxc3 12. Rxc3 e5 13. Bg5 f6 14. e4 fxg5 15. exf5 gxf5 16. dxe5 dxe5 17. Bc2 g4 18. Nd2 e4 19. Rb3 Bd4 20. Nf1 h5 21. Qd2 h4 22. Qh6 Qf6 23. Qf4 h3 24. g3 Ne5 25. Kh1 Qc6 26. Ne3 Nxc4 27. Qg5+ Kh7 28. Qh5+ Kg8 29. Qg5+ Bg7 30. Rg1 1/2-1/2

[Event "AUT-ch U12 Girls"]
[Site "Tschagguns"]
[Date "2012.05.27"]
[Round "4"]
[White "Zeber, Katja"]
[Black "Halwachs, Juliane"]
[Result "0-1"]
[WhiteElo "1189"]
[BlackElo "1258"]
[PlyCount "74"]
[EventDate "2012.05.26"]
[EventType "swiss"]
[EventRounds "7"]
[EventCountry "AUT"]
[SourceTitle "CBM 148 Extra"]
[Source "ChessBase"]
[SourceDate "2012.06.22"]
[SourceVersion "1"]
[SourceVersionDate "2012.06.22"]
[SourceQuality "1"]

1. e4 e5 2. Nf3 Nc6 3. Bc4 Be7 4. d4 d6 5. h3 Nf6 6. Nc3 0-0 7. 0-0 Nxe4 8. Bd5 Nxc3 9. bxc3 exd4 10. cxd4 Bd7 11. Bd2 Rb8 12. Re1 Bf6 13. c3 Ne7 14. Bb3 Re8 15. Ng5 Rf8 16. Bc2 Bf5 17. Bxf5 Nxf5 18. Qg4 Nh6 19. Qe4 Bxg5 20. Bxg5 Qxg5 21. Re2 Qd8 22. Re3 Re8 23. Qf3 Rxe3 24. Qxe3 Qe8 25. Qd3 Qd7 26. Re1 Re8 27. Rb1 b6 28. a3 Qf5 29. Qd1 a5 30. a4 Qe4 31. Qb3 Nf5 32. f3 Qe3+ 33. Kh1 Nh4 34. Qb5 h6 35. Qh5 Qf4 36. Kg1 Qg3 37. Qxh4 Qxh4 0-1

[Event "AUT-ch U12 Girls"]
[Site "Altenmark"]
[Date "2011.06.13"]
[Round "4"]
[White "Grasser, Natalie"]
[Black "Halwachs, Juliane"]
[Result "0-1"]
[WhiteElo "1200"]
[BlackElo "1417"]
[PlyCount "106"]
[EventDate "2011.06.11"]
[EventType "swiss"]
[EventRounds "7"]
[EventCountry "AUT"]
[SourceTitle "EXT 2013"]
[Source "ChessBase"]
[SourceDate "2012.11.22"]
[SourceVersion "1"]
[SourceVersionDate "2012.11.22"]
[SourceQuality "1"]

1. e4 e5 2. Nf3 Nc6 3. Bc4 Be7 4. Nc3 Nf6 5. 0-0 0-0 6. d3 Bc5 7. Bg5 h6 8. Bh4 Be7 9. d4 d6 10. h3 Nd7 11. Bg3 Bf6 12. Ne2 Re8 13. Re1 b6 14. Bd5 Bb7 15. dxe5 dxe5 16. b4 Rb8 17. Bc4 Nxb4 18. a3 Nc6 19. c3 Nc5 20. Qc2 Ba6 21. Bd5 Bb7 22. Qa2 Qd7 23. Bh4 Bxh4 24. Nxh4 Na5 25. Bxb7 Naxb7 26. Rad1 Qc6 27. Ng3 Na4 28. c4 Nc3 29. Qc2 Nxd1 30. Qxd1 Qf6 31. Qg4 Qg5 32. Qxg5 hxg5 33. Nhf5 g6 34. Ne3 Rbd8 35. Ng4 Kg7 36. a4 Nc5 37. Ra1 Nb3 38. Ra3 Rd1+ 39. Kh2 Nd4 40. Ne3 Re1 41. Nd5 c6 42. Nb4 c5 43. Na2 Rd8 44. Rd3 Rf8 45. Nc3 Rh8 46. Nd5 g4 47. Ne7 Ne6 48. Nh1 Ng5 49. Nd5 Nxe4 50. Rb3 f5 51. Nc7 f4 52. f3 g3+ 53. Nxg3 fxg3# 0-1

[Event "AUT-ch U12 Girls"]
[Site "Altenmark"]
[Date "2011.06.13"]
[Round "6"]
[White "Halwachs, Juliane"]
[Black "Wernisch, Elisabeth"]
[Result "1/2-1/2"]
[WhiteElo "1417"]
[BlackElo "1337"]
[PlyCount "108"]
[EventDate "2011.06.11"]
[EventType "swiss"]
[EventRounds "7"]
[EventCountry "AUT"]
[SourceTitle "EXT 2013"]
[Source "ChessBase"]
[SourceDate "2012.11.22"]
[SourceVersion "1"]
[SourceVersionDate "2012.11.22"]
[SourceQuality "1"]

1. d4 d5 2. c4 c6 3. Nc3 Nf6 4. Nf3 e6 5. e3 Nbd7 6. Bd3 Bd6 7. 0-0 0-0 8. c5 Bc7 9. Re1 b6 10. cxb6 axb6 11. Qc2 Ba6 12. Bxa6 Rxa6 13. Qe2 Ra8 14. Bd2 e5 15. a3 Re8 16. dxe5 Nxe5 17. Nd4 Qd7 18. Rad1 Neg4 19. g3 c5 20. Nc2 d4 21. Bc1 Qc6 22. Qb5 Qf3 23. Qe2 Qxe2 24. Nxe2 dxe3 25. Nxe3 Nxe3 26. Bxe3 h6 27. Nc3 Rad8 28. Rc1 Rb8 29. Nb5 Be5 30. b3 Kf8 31. a4 Ra8 32. Bd2 Rad8 33. Be3 Ra8 34. Rcd1 Rab8 35. Na7 Bc3 36. Re2 Rbd8 37. Rc1 Nd5 38. Nb5 Nxe3 39. Nxc3 Nf5 40. Rxe8+ Rxe8 41. Rd1 Nd4 42. Rb1 Ne2+ 43. Nxe2 Rxe2 44. Kf1 Re5 45. Rc1 Ke7 46. Rd1 Ke6 47. Rd3 Rd5 48. Ke2 Rxd3 49. Kxd3 Kd5 50. Kc3 f5 51. f4 g5 52. Kd3 g4 53. Kc3 h5 54. Kd3 Kd6 1/2-1/2

[Event "AUT-ch U12 Girls"]
[Site "Altenmark"]
[Date "2011.06.12"]
[Round "3"]
[White "Halwachs, Juliane"]
[Black "Azad, Mitra"]
[Result "1-0"]
[WhiteElo "1417"]
[BlackElo "1326"]
[PlyCount "116"]
[EventDate "2011.06.11"]
[EventType "swiss"]
[EventRounds "7"]
[EventCountry "AUT"]
[SourceTitle "EXT 2013"]
[Source "ChessBase"]
[SourceDate "2012.11.22"]
[SourceVersion "1"]
[SourceVersionDate "2012.11.22"]
[SourceQuality "1"]

1. d4 d5 2. c4 c6 3. Nc3 Nf6 4. Bf4 Nbd7 5. Nf3 g6 6. e3 Bg7 7. Be2 e6 8. 0-0 Ne4 9. Nxe4 dxe4 10. Ng5 e5 11. dxe5 Nxe5 12. Qxd8+ Kxd8 13. Bxe5 Bxe5 14. Nxf7+ Ke8 15. Nxh8 Bxh8 16. Rab1 Bd7 17. Rfd1 b5 18. cxb5 cxb5 19. f3 exf3 20. Bxf3 Rc8 21. Rd2 Bf5 22. e4 Be6 23. a3 Ba2 24. Rbd1 Bc4 25. Rc1 Bg7 26. Rdc2 Bh6 27. Re1 Rd8 28. Be2 Be3+ 29. Kh1 Bf2 30. Rd1 Rc8 31. Bxc4 Rxc4 32. Rxc4 bxc4 33. Rc1 Bd4 34. Rxc4 Bxb2 35. a4 Kd7 36. Kg1 Kd6 37. Kf1 Ke5 38. a5 h5 39. Kf2 g5 40. Ke3 g4 41. Rc5+ Kd6 42. Rxh5 a6 43. Rh6+ Kc5 44. Rxa6 Kb5 45. Ra8 Kc6 46. Rb8 Be5 47. Rb6+ Kc7 48. Re6 Bxh2 49. e5 Bg1+ 50. Kf4 Kd7 51. Rg6 Bh2+ 52. Ke4 g3 53. e6+ Ke7 54. a6 Bg1 55. Kf5 Bd4 56. a7 Bxa7 57. Rg7+ Kd8 58. Rxa7 Ke8 1-0